Sanat - "Mansikkaa ja valkoapilaa" - Neljänsuora - Statistics

Yleistilastot
  • Tätä visaa on pelattu 20 kertaa
    10 viimeisimmän päivityksen jälkeen
  • Keskiarvotulos 88 / 135
Vastaustilastot
Vastaus % Oikein
ja
100%
kukkaa
100%
100%
Mansikkaa
100%
mansikkaa
100%
valkoapilan
100%
kesäinen
88%
kuin
88%
kulku
88%
metsätie
88%
oli
88%
sun
88%
varrella
88%
75%
et
63%
saa
63%
sua
63%
taa
63%
vielä
63%
ainoo
50%
joka
50%
jos
50%
joutomaan
50%
kaipaat
50%
kaipaatko
50%
kun
50%
kuutamouinnille
50%
läpi
50%
mahdollisuus
50%
mahdottomaan
50%
mun
50%
odottaa
50%
ois
50%
olis
50%
parempaan
50%
suuntaan
50%
tie
50%
toivoo
50%
Tuula
50%
unta
50%
uskallatko
50%
vuosien
50%
yksi
50%
yöllä
50%
alkuun
38%
etten
38%
huuruisen
38%
tähdenlento
38%
taivaalla
38%
takaisin
38%
uskallanko
38%
hei
25%
herätän
25%
laitan
25%
moottoripyörällään
25%
nyt
25%
ootko
25%
sut
25%
tän
25%
viestinä
25%
yksin
25%
Ehtoja vastaavia visoja ei löytynyt
Tulosjakauma
Jokaisen tuloksen saaneiden osuus
Persentiili vastausten määrän mukaan
Tuloshistoriasi
Et ole pelannut tätä visaa sen viimeisimmän päivityksen jälkeen